Statystyki dla Państwa i stolice Europy

Kliknij tutaj aby rozwiązać quiz!

Ogólne statystyki

  • Ten quiz został rozwiązany 654 razy
  • Średni wynik to 48 z 98

Statystyki odpowiedzi

Państwo% Poprawnych
Polska
94%
Warszawa
92%
Niemcy
81%
Berlin
77%
Francja
77%
Hiszpania
75%
Paryż
75%
Rosja
75%
Portugalia
72%
Litwa
69%
Madryt
69%
Wielka Brytania
69%
Szwecja
68%
Londyn
67%
Moskwa
67%
Ukraina
67%
Czechy
66%
Łotwa
66%
Włochy
65%
Belgia
63%
Estonia
63%
Norwegia
63%
Słowacja
63%
Albania
62%
Białoruś
62%
Andora
61%
Andora
61%
Finlandia
61%
Lizbona
61%
Rzym
61%
Irlandia
60%
Kijów
60%
Praga
59%
Oslo
58%
Islandia
56%
San Marino
56%
San Marino
56%
Watykan
56%
Watykan
56%
Austria
55%
Grecja
55%
Dania
53%
Wilno
53%
Chorwacja
52%
Luksemburg
52%
Luksemburg
52%
Bruksela
51%
Słowenia
51%
Liechtenstein
50%
Ryga
50%
Sztokholm
50%
Szwajcaria
50%
Ateny
49%
Węgry
49%
Bułgaria
48%
Mińsk
48%
Amsterdam
47%
Czarnogóra
47%
Helsinki
47%
Kosowo
47%
Rumunia
47%
Wiedeń
47%
Dublin
45%
Kopenhaga
45%
Monako
45%
Monako
45%
Bośnia i Hercegowina
44%
Budapeszt
44%
Malta
44%
Serbia
44%
Tallinn
44%
Tirana
42%
Bratysława
41%
Macedonia Północna
40%
Mołdawia
39%
Zagrzeb
39%
Bukareszt
38%
Berno
34%
Sofia
34%
Vaduz
31%
Niderlandy
30%
Belgrad
29%
Turcja
28%
Lublana
27%
Podgorica
27%
Sarajewo
25%
Valetta
25%
Prisztina
23%
Skopje
22%
Kiszyniów
20%
Ankara
14%
Rejkiawik
13%
Gruzja
6%
Armenia
3%
Azerbejdżan
2%
Baku
2%
Erywań
2%
Tbilisi
1%

Rozkład punktacji

Percentyl według liczby udzielonych odpowiedzi

Procent ludzi z każdym wynikiem

Twoja historia wyników

Nie rozwiązałeś tego quizu